| 000 | 00427 a2200121 4500 | ||
|---|---|---|---|
| 001 | ART_10719 | ||
| 005 | 20260410161831.0 | ||
| 008 | 260409a | ||
| 245 | 1 | 0 | _aEl pago con reservas al FMI. "La eterna historia del maltrato de la política a la economía" |
| 100 | 1 | _aMilei, Javier Gerardo | |
| 700 | 1 | _aGarcía, Hernán M. | |
| 773 | 0 |
_tActualidad Económica _g- Año XVI, Nº 59 (may./ago. 2006) _wREV5083 |
|
| 999 |
_c23219 _d23219 |
||